banner-ar

عمل السجاد / (Record no. 45127)

MARC details
000 -الفاتح
حقل البيانات ثابتة الطول 00627nam a2200205Ia 4500
008 - عناصر البيانات ثابتة الطول - معلومات عامة
حقل البيانات ثابتة الطول 140319s9999 xx 000 0 ara d
040 ## - مصدر الفهرسة
وكالة الفهرسة الأصلية GCL /
وكالة النسخ GCL
082 04 - رقم تصنيف ديوى العشرى
رقم التصنيف 746.7
رقم المادة د ع
100 1# - المدخل الرئيسى - إسم شخصى
الإسم الشخصى عبدالغنى النبوى الشال
245 10 - بيان العنوان
العنوان عمل السجاد /
بيان المسئوليه,etc عبدالغنى النبوى الشال
700 1# - المدخل الاضافى - اسم شخصى
الإسم الشخصى دريج، دوروثى
700 1# - المدخل الاضافى - اسم شخصى
الإسم الشخصى محمود النبوى الشال (مترجم)
300 ## - الوصف المادى
التعداد 91 ص
490 ## - بيان السلسلة
عنوان السلسلة الالف كتاب
رقم المجلد/ التعيين التسلسلي 0
650 04 - المدخل الاضافى بالموضوع-مصطلح موضوعى
مصطلح موضوعي الصناعات اليدوية
650 04 - المدخل الاضافى بالموضوع-مصطلح موضوعى
مصطلح موضوعي الحرف اليدوية
650 04 - المدخل الاضافى بالموضوع-مصطلح موضوعى
مصطلح موضوعي السجاد
942 ## - عناصر المدخل الإضافي( كوها)
مصدر التصنيف او مخطط الترفيف Dewey Decimal Classification
Koha [default] item type كتاب
Holdings
حالة التراجع حالة الفقد حالة تلف ليس للاعارة المكان المؤقت الموقع الحالى تاريخ الاكتساب اجمالي اﻻعارات رقم الطلب الباركود تاريخ اخر مشاهدة تاريخ تفعيل السعر نوع وعاء كوها
        مكتبة القاهرة الكبرى مكتبة القاهرة الكبرى 03/26/2014   746.7\د ع 110158 03/26/2014 03/26/2014 كتاب

Powered By

EGPV